| 000 | 00350nam a22001577a 4500 | ||
|---|---|---|---|
| 003 | SGT | ||
| 020 | _a9393480877 | ||
| 082 |
_a616.01 _bP25M |
||
| 100 | _aMARATHA , SUSHMA | ||
| 245 | _aPHARMACEUTICAL MICROBIOLOGY | ||
| 260 |
_aNEW DELHI _bBIRLA PUB. _c2025 |
||
| 300 | _a197 | ||
| 650 | _aMICROBIOLOGY | ||
| 653 | _aMICROBIOLOGY | ||
| 942 |
_2ddc _cBK |
||
| 999 |
_c32166 _d32166 |
||